Eğitim her yerde: Değişimi bekleme, harekete geç ! (Record no. 17846)

000 -LEADER
fixed length control field 01100nmm a2200313 a 4500
001 - CONTROL NUMBER
control field ocm0001916748
003 - CONTROL NUMBER IDENTIFIER
control field TR-IsHL
005 - DATE AND TIME OF LATEST TRANSACTION
control field 20201028173715.0
008 - FIXED-LENGTH DATA ELEMENTS--GENERAL INFORMATION
fixed length control field 180913s2017 tu tur
007 - PHYSICAL DESCRIPTION FIXED FIELD--GENERAL INFORMATION
fixed length control field cr cn
020 ## - INTERNATIONAL STANDARD BOOK NUMBER
International Standard Book Number 9789752441217
035 ## - SYSTEM CONTROL NUMBER
System control number 1916748
-- (N$T)
050 04 - LIBRARY OF CONGRESS CALL NUMBER
Classification number LB1065
Item number .K37 2017
090 04 - LOCALLY ASSIGNED LC-TYPE CALL NUMBER (OCLC); LOCAL CALL NUMBER (RLIN)
Classification number (OCLC) (R) ; Classification number, CALL (RLIN) (NR) LB1065
Local cutter number (OCLC) ; Book number/undivided call number, CALL (RLIN) .K37 2017
100 1# - MAIN ENTRY--PERSONAL NAME
Personal name Karakurt, Yahya
245 10 - TITLE STATEMENT
Title Eğitim her yerde: Değişimi bekleme, harekete geç !
Medium [electronic resource] /
Statement of responsibility, etc. Yahya Karakurt ; editör: M. Endülüs Özbay
250 ## - EDITION STATEMENT
Edition statement 1. Baskı
260 ## - PUBLICATION, DISTRIBUTION, ETC.
Place of publication, distribution, etc. İstanbul :
Name of publisher, distributor, etc. AZ Kitap,
Date of publication, distribution, etc. 2017
300 ## - PHYSICAL DESCRIPTION
Extent 191 p.
650 #4 - SUBJECT ADDED ENTRY--TOPICAL TERM
Topical term or geographic name entry element Genel Çalışmalar
650 #4 - SUBJECT ADDED ENTRY--TOPICAL TERM
Topical term or geographic name entry element General Works
650 #0 - SUBJECT ADDED ENTRY--TOPICAL TERM
Topical term or geographic name entry element Kişisel gelişim
General subdivision Başarı (Psikoloji)
-- Gençler
650 #0 - SUBJECT ADDED ENTRY--TOPICAL TERM
Topical term or geographic name entry element Personal development
General subdivision Success (Psychology)
-- Young people
650 #0 - SUBJECT ADDED ENTRY--TOPICAL TERM
Topical term or geographic name entry element Learning, Psychology of
650 #0 - SUBJECT ADDED ENTRY--TOPICAL TERM
Topical term or geographic name entry element Öğrenme psikolojisi
650 #7 - SUBJECT ADDED ENTRY--TOPICAL TERM
Topical term or geographic name entry element EDUCATION / Educational Psychology
Source of heading or term bisacsh
700 1# - ADDED ENTRY--PERSONAL NAME
Personal name Özbay, M. Endülüs
856 40 - ELECTRONIC LOCATION AND ACCESS
Uniform Resource Identifier <a href="http://search.ebscohost.com/login.aspx?direct=true&scope=site&db=e011xww&AN=1916748">http://search.ebscohost.com/login.aspx?direct=true&scope=site&db=e011xww&AN=1916748</a>

No items available.

Devinim Yazılım Eğitim Danışmanlık tarafından Koha'nın orjinal sürümü uyarlanarak geliştirilip kurulmuştur.